[Event "39th World U20 ch"]
[Site "Yerevan ARM"]
[Date "2000.09.23"]
[Round "5.25"]
[White "Mahjoob, Morteza"]
[Black "Jakic, Ivan"]
[Result "1-0"]
[WhiteElo "2337"]
[BlackElo "2272"]
[EventDate "2000.09.18"]
[PlyCount "123"]

1.e4 c5 2.Nf3 d6 3.d4 cxd4 4.Qxd4 a6 5.Bg5 Nc6 6.Qd2 Nf6 7.Nc3 Bg4 8.Be2 
e6 9.h3 Bxf3 10.Bxf3 Rc8 11.Be2 Be7 12.O-O Ne5 13.Rad1 Nc4 14.Qc1 Qa5 15.
Rd3 b5 16.a3 O-O 17.Rg3 Kh8 18.h4 b4 19.axb4 Qxb4 20.Nd1 Rfe8 21.Bd3 a5 
22.c3 Qb7 23.Re1 Rc5 24.Rh3 Rb8 25.Re2 a4 26.h5 Ne5 27.h6 g6 28.Bc2 Qa6 
29.Re1 Qb5 30.Be3 Rcc8 31.Bd4 Ned7 32.Bd3 Qb7 33.Bc2 e5 34.Be3 Nxe4 35.
Bxa4 Ndc5 36.Bc2 f5 37.f4 Nb3 38.Bxb3 Qxb3 39.Re2 Qc4 40.Qc2 Bf6 41.Rf3 
Nc5 42.Rf1 Nd3 43.Rd2 e4 44.g4 d5 45.g5 d4 46.gxf6 dxe3 47.Nxe3 Qc5 48.
Rxd3 exd3 49.Qxd3 Rd8 50.Qe2 Re8 51.Rf3 Re4 52.Qd3 Qb6 53.f7 Qf6 54.Nd5 
Qxf7 55.b4 Qa7+ 56.Kg2 Rd8 57.Rf2 Rd6 58.c4 Qf7 59.Ra2 Re8 60.Qd4+ Kg8 61.
Ra7 Re2+ 62.Kf3 1-0

[Event "39th World U20 ch"]
[Site "Yerevan ARM"]
[Date "2000.09.23"]
[Round "5.26"]
[White "Fontaine, Robert"]
[Black "Asauskas, Henrikas"]
[Result "1/2-1/2"]
[WhiteElo "2449"]
[BlackElo "2245"]
[EventDate "2000.09.18"]
[PlyCount "81"]

1.e4 c5 2.Nc3 Nc6 3.Nf3 g6 4.Bb5 Bg7 5.O-O e5 6.Bxc6 bxc6 7.d3 d6 8.Nd2 
Ne7 9.Nc4 O-O 10.f4 f6 11.fxe5 fxe5 12.Rxf8+ Kxf8 13.Bg5 Be6 14.Qf3+ Kg8 
15.Bf6 Qc7 16.Bxg7 Kxg7 17.Rf1 Ng8 18.Nd1 Bxc4 19.dxc4 Qe7 20.Qd3 Rf8 21.
Nf2 Qf6 22.Qd2 Ne7 23.Qa5 Nc8 24.h3 Rf7 25.b3 h5 26.Qd2 Qf4 27.Qe2 Rf6 28.
Rd1 Ne7 29.Rd3 Qc1+ 30.Nd1 Ng8 31.a4 Nh6 32.Qd2 Qxd2 33.Rxd2 Kf7 34.Rf2 
Ng8 35.Nb2 Ke6 36.Nd3 Rxf2 37.Kxf2 Nf6 38.Ke3 a5 39.c3 Nd7 40.Kf3 d5 41.
cxd5+ 1/2-1/2

[Event "39th World U20 ch"]
[Site "Yerevan ARM"]
[Date "2000.09.23"]
[Round "5.27"]
[White "Ginzburg, Mikhail"]
[Black "Kabanov, Nikolai"]
[Result "0-1"]
[WhiteElo "2276"]
[BlackElo "2385"]
[EventDate "2000.09.18"]
[PlyCount "106"]

1.e4 d5 2.exd5 Nf6 3.d4 Bg4 4.Be2 Bxe2 5.Nxe2 Qxd5 6.O-O Nc6 7.Nbc3 Qh5 8.
Qd3 O-O-O 9.Qc4 e6 10.Bf4 Qf5 11.Rab1 Nd5 12.Nxd5 exd5 13.Qa4 Re8 14.Be3 
Bd6 15.b4 Kb8 16.Ng3 Bxg3 17.fxg3 Qe4 18.Rbe1 Nxd4 19.Bf2 Ne2+ 20.Rxe2 
Qxe2 21.Qxa7+ Kc8 22.Qa8+ Kd7 23.Qxb7 Qc4 24.Rd1 Re5 25.b5 Rhe8 26.a4 Rf5 
27.g4 Rxf2 28.Qc6+ Qxc6 29.bxc6+ Kxc6 30.Kxf2 Re4 31.Ra1 Rxg4 32.a5 Kb7 
33.Re1 Re4 34.Ra1 Ka6 35.Kf3 Rc4 36.Ra2 Rc5 37.Ke3 Rxa5 38.Rb2 Rb5 39.Ra2+
Kb7 40.Kd4 c6 41.Ke5 Kc7 42.Ra3 Rb2 43.Ra7+ Kb6 44.Rxf7 Rxc2 45.Rxg7 Kc5 
46.h4 h5 47.g3 d4 48.Ke4 Kc4 49.Rh7 d3 50.Ke3 Re2+ 51.Kf3 Re5 52.Ra7 d2 
53.Rd7 Kc3 0-1

[Event "39th World U20 ch"]
[Site "Yerevan ARM"]
[Date "2000.09.23"]
[Round "5.28"]
[White "Jirka, Jiri"]
[Black "Kruger, Peter Helentus"]
[Result "1-0"]
[WhiteElo "2302"]
[BlackElo "2085"]
[EventDate "2000.09.18"]
[PlyCount "77"]

1.d4 b5 2.e4 a6 3.a4 b4 4.Bd3 e6 5.Ne2 Bb7 6.O-O Be7 7.f4 Nf6 8.Ng3 h5 9.
e5 Ng4 10.h3 Bh4 11.Nxh5 Bf2+ 12.Rxf2 Nxf2 13.Kxf2 Qh4+ 14.Ng3 Bxg2 15.
Kxg2 Qxh3+ 16.Kf3 Rh4 17.Qg1 Nc6 18.Be3 Ke7 19.Nd2 Qg4+ 20.Kf2 Rah8 21.Nf3
Rh3 22.Qg2 a5 23.Rg1 g6 24.b3 d5 25.Bb5 Na7 26.Be2 R3h6 27.f5 exf5 28.Bxh6
Rxh6 29.Nf1 Qh5 30.Qg5+ Qxg5 31.Rxg5 Nc6 32.Rg2 Rh7 33.Rh2 Rg7 34.Ne3 Kd7 
35.Bb5 g5 36.Rh6 g4 37.Bxc6+ Kd8 38.Rh8+ Ke7 39.Re8# 1-0

[Event "39th World U20 ch"]
[Site "Yerevan ARM"]
[Date "2000.09.24"]
[Round "6.1"]
[White "Bruzon Batista, Lazaro"]
[Black "Malakhov, Vladimir"]
[Result "1-0"]
[WhiteElo "2534"]
[BlackElo "2605"]
[EventDate "2000.09.18"]
[PlyCount "135"]

1.e4 c5 2.Nf3 g6 3.d4 Bg7 4.dxc5 Qa5+ 5.c3 Qxc5 6.Na3 Nf6 7.Nb5 O-O 8.Be3 
Qc6 9.Nfd4 Qxe4 10.Nc7 b6 11.Be2 Qb7 12.Nxa8 Qxa8 13.Bf3 Bb7 14.O-O d5 15.
a4 Nbd7 16.a5 Qb8 17.Re1 e5 18.Nc2 Nc5 19.axb6 axb6 20.Nb4 Rd8 21.Bg5 e4 
22.Be2 Qd6 23.Ra7 Qb8 24.Ra3 Qd6 25.Nc2 Ne6 26.Be3 Nd7 27.Nd4 Be5 28.g3 
Bg7 29.Qd2 Ne5 30.Rea1 h5 31.Ra7 Rd7 32.Nxe6 Qxe6 33.Bd4 Kh7 34.Qd1 Re7 
35.R7a4 Rd7 36.Rb4 Rd6 37.Qb3 Bc8 38.Rxb6 Nf3+ 39.Bxf3 exf3 40.Kh1 Ba6 41.
Rg1 Qh3 42.Qd1 Be2 43.Qc1 Rxb6 44.Bxb6 Bh6 45.Be3 Bg7 46.Bd4 Bxd4 47.cxd4 
Qd7 48.Qf4 Kg8 49.Qf6 Qh3 50.Qd8+ Kg7 51.Qxd5 f6 52.Qe4 g5 53.d5 h4 54.
gxh4 Bf1 55.Rg3 Bg2+ 56.Kg1 Qc8 57.Qb1 g4 58.d6 f5 59.Qd1 Qd7 60.b4 Kf8 
61.Qd4 Qb5 62.Qf6+ Kg8 63.Qg5+ Kf7 64.Qe7+ Kg6 65.Qe1 Qd7 66.Qd1 f4 67.
Qd3+ Kf6 68.Qd4+ 1-0

[Event "39th World U20 ch"]
[Site "Yerevan ARM"]
[Date "2000.09.24"]
[Round "6.3"]
[White "Asrian, Karen"]
[Black "Sargissian, Gabriel"]
[Result "1/2-1/2"]
[WhiteElo "2566"]
[BlackElo "2474"]
[EventDate "2000.09.18"]
[PlyCount "112"]

1.e4 c6 2.d4 d5 3.Nd2 dxe4 4.Nxe4 Nd7 5.Ng5 Ngf6 6.Bd3 e6 7.N1f3 Bd6 8.Qe2
h6 9.Ne4 Nxe4 10.Qxe4 Qc7 11.Qg4 Kf8 12.O-O c5 13.Re1 b6 14.c3 c4 15.Bc2 
Bb7 16.h4 Re8 17.Bd2 g6 18.Ba4 Nf6 19.Qh3 Rd8 20.Bc2 Kg7 21.Ne5 Bd5 22.Bf4
Qe7 23.Re3 Nh5 24.Bh2 b5 25.Rae1 Rhe8 26.Bd1 Nf6 27.h5 g5 28.f4 Nh7 29.f5 
Qc7 30.fxe6 Rxe6 31.Bc2 Rde8 32.Bf5 R6e7 33.Ng4 Nf6 34.Bxd6 Qxd6 35.Ne5 b4
36.Rf1 Rb8 37.Re2 a5 38.Bb1 Qe6 39.Bf5 Qd6 40.Ref2 Rxe5 41.dxe5 Qxe5 42.
Bc2 Be6 43.Bf5 Bd5 44.Rd1 Re8 45.Bg4 bxc3 46.bxc3 Nxg4 47.Qxg4 Be6 48.Qd4 
Qxd4 49.Rxd4 Rb8 50.Rdd2 Rb5 51.Rb2 Re5 52.Rfe2 Rd5 53.Red2 Re5 54.Re2 Rd5
55.Rbd2 Rb5 56.Rb2 Rd5 1/2-1/2

[Event "39th World U20 ch"]
[Site "Yerevan ARM"]
[Date "2000.09.24"]
[Round "6.4"]
[White "Yakovenko, Dmitry"]
[Black "Jobava, Baadur"]
[Result "1-0"]
[WhiteElo "2506"]
[BlackElo "2480"]
[EventDate "2000.09.18"]
[PlyCount "105"]

1.e4 c5 2.Nf3 d6 3.d4 cxd4 4.Nxd4 Nf6 5.Nc3 a6 6.Be2 e5 7.Nb3 Be7 8.O-O 
O-O 9.Kh1 Nbd7 10.a4 b6 11.Be3 Bb7 12.f3 Rc8 13.Nd2 Qc7 14.Nc4 Bc6 15.Qd2 
Rb8 16.Rfd1 Rfd8 17.Nd5 Bxd5 18.exd5 Rdc8 19.a5 b5 20.Na3 Qb7 21.b4 Ne8 
22.Rab1 Nc7 23.c4 Nf6 24.f4 e4 25.h3 g6 26.g4 bxc4 27.Bxc4 Nb5 28.Bxb5 
axb5 29.Qd4 Rc7 30.Rbc1 Rxc1 31.Bxc1 Re8 32.Bb2 e3 33.Qxe3 Bf8 34.Qd3 Ne4 
35.Qd4 f6 36.Kg2 Kf7 37.Re1 f5 38.Qh8 Ng5 39.Rd1 Qe7 40.Qf6+ Qxf6 41.Bxf6 
Nxh3 42.Kxh3 fxg4+ 43.Kxg4 Kxf6 44.Kf3 Rb8 45.Rc1 h5 46.a6 g5 47.Nxb5 g4+ 
48.Kg2 Re8 49.a7 Re2+ 50.Kf1 Ra2 51.Rc8 Ra1+ 52.Kf2 Ra2+ 53.Ke3 1-0

[Event "39th World U20 ch"]
[Site "Yerevan ARM"]
[Date "2000.09.24"]
[Round "6.5"]
[White "Solak, Dragan"]
[Black "Harikrishna, Pentala"]
[Result "1/2-1/2"]
[WhiteElo "2490"]
[BlackElo "2500"]
[EventDate "2000.09.18"]
[PlyCount "90"]

1.e4 e6 2.d4 d5 3.Nd2 c5 4.exd5 Qxd5 5.Ngf3 cxd4 6.Bc4 Qd6 7.Qe2 Nf6 8.Nb3
Nc6 9.Bg5 a6 10.O-O-O b5 11.Bd3 Be7 12.Nbxd4 Nxd4 13.Nxd4 Qc5 14.f4 Bb7 
15.Nb3 Qc7 16.f5 h6 17.Bxf6 Bxf6 18.fxe6 O-O 19.Rhf1 fxe6 20.Qxe6+ Qf7 21.
Qg4 Rae8 22.Kb1 Re5 23.Bg6 Qc4 24.Qh3 Qe2 25.Qd7 Re7 26.Qd6 Bxg2 27.Rg1 
Be4 28.Bxe4 Qxe4 29.Nd4 Ree8 30.a3 Rd8 31.Qe6+ Qxe6 32.Nxe6 Rxd1+ 33.Rxd1 
Rc8 34.c3 Rc6 35.Nd4 Rc5 36.Rd3 Kf7 37.Kc2 g5 38.Kd2 h5 39.h3 Be5 40.Ke2 
Rc4 41.Kf3 Bxd4 42.cxd4 Rc2 43.Ke4 Ke6 44.Rg3 Re2+ 45.Kd3 Rh2 1/2-1/2

[Event "39th World U20 ch"]
[Site "Yerevan ARM"]
[Date "2000.09.24"]
[Round "6.6"]
[White "Izoria, Zviad"]
[Black "Acs, Peter"]
[Result "1/2-1/2"]
[WhiteElo "2450"]
[BlackElo "2497"]
[EventDate "2000.09.18"]
[PlyCount "134"]

1.c4 Nf6 2.Nf3 c6 3.d4 d5 4.Nc3 e6 5.Bg5 Nbd7 6.cxd5 exd5 7.e3 Be7 8.Qc2 
O-O 9.Bd3 Re8 10.O-O Nf8 11.h3 g6 12.Bh6 Bd6 13.Rab1 a5 14.a3 Ne6 15.Rfe1 
Kh8 16.Qd2 Ng8 17.Bf4 Nxf4 18.exf4 Ne7 19.Kh2 Kg8 20.g3 Bf5 21.Bxf5 Nxf5 
22.Rxe8+ Qxe8 23.Kg2 Bf8 24.Re1 Qd8 25.Qd3 a4 26.Re2 Bg7 27.h4 Qb6 28.Rd2 
h5 29.Nd1 Qa6 30.Qc2 Re8 31.Nc3 b5 32.Na2 Qb7 33.Nb4 Rc8 34.Ne5 Bf8 35.Qc3
f6 36.Nf3 Kf7 37.Nd3 Bd6 38.Re2 Re8 39.Rc2 Rc8 40.Re2 Qc7 41.Rc2 Qd8 42.
Rc1 Rc7 43.Qa5 Qc8 44.Qc3 Be7 45.Re1 c5 46.dxc5 Bxc5 47.Qd2 Bd6 48.Re2 d4 
49.Nde1 Rc4 50.Nd3 Qc6 51.Qa5 Bc7 52.Qd2 Qa8 53.Qd1 Ba5 54.b3 axb3 55.Qxb3
Qd5 56.a4 Kg7 57.axb5 Bb6 58.Nb2 Rc5 59.Qxd5 Rxd5 60.Nc4 Rxb5 61.Nxb6 Rxb6
62.Rd2 Rd6 63.Ne1 Kf7 64.Kf3 Ke6 65.Ke4 Rc6 66.Nf3 Rc4 67.Nxd4+ Kd6 
1/2-1/2

[Event "39th World U20 ch"]
[Site "Yerevan ARM"]
[Date "2000.09.24"]
[Round "6.7"]
[White "Sasikiran, Krishnan"]
[Black "Kozhukharov, Spas"]
[Result "1-0"]
[WhiteElo "2573"]
[BlackElo "2196"]
[EventDate "2000.09.18"]
[PlyCount "73"]

1.d4 Nf6 2.Nf3 g6 3.Bg5 Bg7 4.Nbd2 c5 5.c3 cxd4 6.cxd4 d5 7.e3 O-O 8.Be2 
Qb6 9.Qb3 Qxb3 10.Nxb3 Nc6 11.O-O Ne4 12.Bf4 b6 13.a4 f6 14.h3 e5 15.Bb5 
Nb4 16.dxe5 g5 17.exf6 Bxf6 18.Be5 g4 19.Bxf6 Rxf6 20.hxg4 Bxg4 21.Ne5 Bh5
22.Nd4 a6 23.Bd7 Kh8 24.a5 b5 25.b3 Rg8 26.f3 Ng3 27.Rfc1 Rh6 28.Kf2 Rg5 
29.Rc8+ Kg7 30.f4 Ne4+ 31.Kg1 Rxe5 32.fxe5 Bg6 33.Rf1 Rh4 34.Rf4 Rh5 35.
Nf5+ Bxf5 36.Rxf5 Rh6 37.e6 1-0

[Event "39th World U20 ch"]
[Site "Yerevan ARM"]
[Date "2000.09.24"]
[Round "6.8"]
[White "Perelshteyn, Eugene"]
[Black "Blehm, Pawel"]
[Result "0-1"]
[WhiteElo "2424"]
[BlackElo "2510"]
[EventDate "2000.09.18"]
[PlyCount "120"]

1.e4 c5 2.Nf3 d6 3.d4 cxd4 4.Nxd4 Nf6 5.Nc3 Nc6 6.f4 e5 7.Nf3 Be7 8.Bc4 
O-O 9.Bb3 Rb8 10.O-O b5 11.Kh1 b4 12.Nd5 Nxe4 13.Nxe7+ Nxe7 14.Qe2 Nc5 15.
fxe5 Ba6 16.Bc4 Bxc4 17.Qxc4 Ne6 18.Be3 a5 19.Rad1 d5 20.Qd3 h6 21.Nd4 Qc7
22.Nf5 Nxf5 23.Qxf5 Rbc8 24.Rxd5 Qxc2 25.Qg4 Rc4 26.Qg3 Qxb2 27.Rxa5 Rc3 
28.Qf2 Qxf2 29.Bxf2 Rd8 30.Rb5 Rd2 31.Bg3 Rc4 32.h4 Rcc2 33.Kh2 Rxg2+ 34.
Kh3 Rxa2 35.Rxb4 Rgd2 36.Rb8+ Rd8 37.Rxd8+ Nxd8 38.h5 Ne6 39.Kg4 Ra4+ 40.
Kh3 Re4 41.Kg2 Kf8 42.Ra1 Ng5 43.Ra8+ Ke7 44.Rg8 Rc4 45.Kf1 Rg4 46.Kg2 Ne6
47.Kf3 Rb4 48.Kg2 Kd7 49.Ra8 Rb2+ 50.Kf3 Ng5+ 51.Kg4 Rb7 52.Kf5 Ne6 53.Bh4
Nd4+ 54.Ke4 Nc6 55.Bf2 Rb2 56.Bg3 Rb4+ 57.Kf3 Ke6 58.Re8+ Kf5 59.Rf8 Rb7 
60.Rg8 Nd4+ 0-1

[Event "39th World U20 ch"]
[Site "Yerevan ARM"]
[Date "2000.09.24"]
[Round "6.9"]
[White "Mateuta, Gabriel"]
[Black "Iliushin, Alexei"]
[Result "1/2-1/2"]
[WhiteElo "2409"]
[BlackElo "2509"]
[EventDate "2000.09.18"]
[PlyCount "23"]

1.d4 e6 2.c4 f5 3.g3 Nf6 4.Bg2 c6 5.Nh3 d5 6.O-O Bd6 7.Qc2 O-O 8.Nd2 Nbd7 
9.Nf3 Ne4 10.Nf4 Qe7 11.Nd3 b6 12.Bf4 1/2-1/2

[Event "39th World U20 ch"]
[Site "Yerevan ARM"]
[Date "2000.09.24"]
[Round "6.10"]
[White "Lopez Martinez, Josep Manuel"]
[Black "Gershon, Alik"]
[Result "1/2-1/2"]
[WhiteElo "2477"]
[BlackElo "2502"]
[EventDate "2000.09.18"]
[PlyCount "32"]

1.d4 Nf6 2.c4 e6 3.Nc3 Bb4 4.e3 O-O 5.Ne2 d5 6.a3 Be7 7.cxd5 exd5 8.Ng3 
Re8 9.Bd3 c6 10.O-O Bd6 11.Bc2 Ng4 12.h3 Nf6 13.Qf3 Nbd7 14.Nce2 Nf8 15.
Nf4 Bc7 16.Bd2 Ne6 1/2-1/2

[Event "39th World U20 ch"]
[Site "Yerevan ARM"]
[Date "2000.09.24"]
[Round "6.12"]
[White "Jenni, Florian"]
[Black "Felgaer, Ruben"]
[Result "1-0"]
[WhiteElo "2440"]
[BlackElo "2390"]
[EventDate "2000.09.18"]
[PlyCount "113"]

1.e4 c5 2.Nf3 d6 3.d4 cxd4 4.Nxd4 Nf6 5.Nc3 g6 6.Be3 Bg7 7.f3 O-O 8.Qd2 
Nc6 9.Bc4 Nxd4 10.Bxd4 Be6 11.Bb3 Qa5 12.O-O-O b5 13.Kb1 b4 14.Nd5 Bxd5 
15.exd5 Qb5 16.Qd3 Qxd3 17.Rxd3 Rfc8 18.Re1 Rc7 19.c3 a5 20.cxb4 axb4 21.
Rdd1 Rac8 22.Bb6 Rb7 23.Bf2 Ra8 24.Rc1 Kf8 25.Rc6 Nd7 26.Rec1 Nc5 27.f4 
Bf6 28.Bxc5 dxc5 29.R1xc5 h5 30.g3 Kg7 31.Rc4 h4 32.g4 g5 33.fxg5 Be5 34.
Rc2 Bd6 35.Rf2 Rbb8 36.h3 Ra5 37.Rf5 Rba8 38.Rc1 Rf8 39.Rcf1 Raa8 40.Bc2 
Rab8 41.g6 fxg6 42.Rxf8 Rxf8 43.Rxf8 Kxf8 44.Bxg6 Kg7 45.Bf5 Kf6 46.Kc2 
Bf4 47.Kb3 Bd2 48.Kc4 Ke5 49.a4 Kd6 50.b3 Bc3 51.a5 Kc7 52.g5 Bd2 53.g6 
Bc3 54.Kc5 Kb7 55.Bd3 Kc7 56.a6 Kb8 57.d6 1-0

[Event "39th World U20 ch"]
[Site "Yerevan ARM"]
[Date "2000.09.24"]
[Round "6.13"]
[White "Zhang Pengxiang"]
[Black "Haznedaroglu, Kivanc"]
[Result "1-0"]
[WhiteElo "2525"]
[BlackElo "2249"]
[EventDate "2000.09.18"]
[PlyCount "61"]

1.e4 c5 2.Nf3 Nc6 3.Bb5 g6 4.O-O Bg7 5.Re1 e5 6.c3 Nge7 7.a3 O-O 8.b4 d6 
9.d3 h6 10.Nbd2 a6 11.Bc4 cxb4 12.axb4 Rb8 13.b5 axb5 14.Bxb5 d5 15.Ba3 
Re8 16.exd5 Nxd5 17.Ne4 Bf8 18.Qb3 Be6 19.Bxf8 Kxf8 20.Bxc6 bxc6 21.Qa3+ 
Kg7 22.Nxe5 Qc7 23.c4 Ne7 24.Qc3 Kf8 25.g3 Red8 26.Nxf7 Bxf7 27.Qh8+ Bg8 
28.Qxh6+ Kf7 29.Ng5+ Kf6 30.Qh8+ Kf5 31.Qh4 1-0

[Event "39th World U20 ch"]
[Site "Yerevan ARM"]
[Date "2000.09.24"]
[Round "6.14"]
[White "De Vreugt, Dennis"]
[Black "Fedorchuk, Sergei"]
[Result "1/2-1/2"]
[WhiteElo "2511"]
[BlackElo "2408"]
[EventDate "2000.09.18"]
[PlyCount "100"]

1.e4 e5 2.Nf3 Nc6 3.Bb5 a6 4.Ba4 Nf6 5.O-O b5 6.Bb3 Bc5 7.c3 d6 8.d3 O-O 
9.Be3 h6 10.Nbd2 Re8 11.Qe2 Rb8 12.h3 Bb6 13.Bxb6 Rxb6 14.Rfe1 Na5 15.Bc2 
b4 16.Nb3 Nc6 17.c4 Nd7 18.d4 Nxd4 19.Nfxd4 exd4 20.Nxd4 Qf6 21.Rac1 Nc5 
22.Bb1 Rb8 23.Qc2 Qg6 24.e5 Qxc2 25.Bxc2 Kf8 26.exd6 Rxe1+ 27.Rxe1 cxd6 
28.Rd1 g6 29.f4 Bb7 30.f5 Kg7 31.fxg6 fxg6 32.Ne2 Re8 33.Nf4 Be4 34.Re1 
Kf7 35.Bd1 Bb1 36.Rxe8 Kxe8 37.a3 bxa3 38.bxa3 g5 39.Nd5 Bd3 40.Ne3 Kf7 
41.Bf3 Kf6 42.Ng4+ Kg6 43.Bd5 h5 44.Nf2 Be2 45.Nh1 Kf6 46.Kf2 Bd3 47.Ke3 
Ke5 48.Nf2 Bf5 49.g4 Bg6 50.gxh5 Bxh5 1/2-1/2

[Event "39th World U20 ch"]
[Site "Yerevan ARM"]
[Date "2000.09.24"]
[Round "6.15"]
[White "Ganguly, Surya Shekhar"]
[Black "Saric, Ibro"]
[Result "1/2-1/2"]
[WhiteElo "2498"]
[BlackElo "2345"]
[EventDate "2000.09.18"]
[PlyCount "77"]

1.e4 g6 2.d4 Bg7 3.Nc3 c6 4.Bc4 d5 5.exd5 b5 6.Bb3 b4 7.Na4 cxd5 8.Ne2 Nf6
9.O-O O-O 10.a3 bxa3 11.Rxa3 Nbd7 12.Re1 e6 13.c3 Ba6 14.Nf4 Bb5 15.Bc2 
Ne8 16.Nd3 Nd6 17.Bf4 Nc4 18.Ra2 Re8 19.Nac5 Nxc5 20.Nxc5 e5 21.dxe5 Nxe5 
22.Ra1 Qf6 23.Be3 Rad8 24.Bd4 Qh4 25.b3 Ng4 26.Rxe8+ Rxe8 27.h3 Bxd4 28.
Qxd4 Qxf2+ 29.Qxf2 Nxf2 30.Ra5 Re2 31.Bxg6 hxg6 32.Rxb5 Nd1 33.Na4 Ne3 34.
Kh1 f5 35.g3 Re1+ 36.Kh2 Re2+ 37.Kh1 Re1+ 38.Kh2 Re2+ 39.Kh1 1/2-1/2

[Event "39th World U20 ch"]
[Site "Yerevan ARM"]
[Date "2000.09.24"]
[Round "6.16"]
[White "Kallio, Heikki"]
[Black "Ghaem Maghami, Ehsan"]
[Result "0-1"]
[WhiteElo "2451"]
[BlackElo "2488"]
[EventDate "2000.09.18"]
[PlyCount "92"]

1.d4 Nf6 2.c4 c5 3.d5 b5 4.cxb5 a6 5.e3 axb5 6.Bxb5 Qa5+ 7.Nc3 Bb7 8.Ne2 
Nxd5 9.e4 Nxc3 10.Nxc3 Bxe4 11.O-O Bc6 12.Bc4 e6 13.Re1 Be7 14.Bd2 Qd8 15.
Bd3 O-O 16.Qh5 g6 17.Qg4 f5 18.Qg3 Rf7 19.Rad1 Na6 20.Bf4 Nb4 21.Bc4 Qc8 
22.Bd6 Qf8 23.Bxe7 Qxe7 24.Bb3 f4 25.Qh3 Rf5 26.a3 Rh5 27.Bxe6+ dxe6 28.
Qxe6+ Qxe6 29.Rxe6 Rg5 30.g3 Bf3 31.Rdd6 fxg3 32.fxg3 Nd5 33.h4 Rh5 34.Nb5
Rf8 35.a4 Bg4 36.Re1 Nb4 37.a5 c4 38.Rb6 Bd7 39.Nd4 Rd5 40.Ne6 Bxe6 41.
Rexe6 Rd1+ 42.Kg2 Rd2+ 43.Kh3 Nd3 44.h5 Nf2+ 45.Kg2 Ne4+ 46.Kg1 Rd1+ 0-1

[Event "39th World U20 ch"]
[Site "Yerevan ARM"]
[Date "2000.09.24"]
[Round "6.17"]
[White "Svetuschin, Dumitru"]
[Black "Fernando, Diogo"]
[Result "1-0"]
[WhiteElo "2472"]
[BlackElo "2257"]
[EventDate "2000.09.18"]
[PlyCount "105"]

1.e4 c5 2.Nf3 d6 3.d4 cxd4 4.Nxd4 Nf6 5.Nc3 Nc6 6.f3 e5 7.Nb3 Be6 8.Nd5 
Bxd5 9.exd5 Nb8 10.Be3 Be7 11.c4 O-O 12.Bd3 a5 13.O-O Na6 14.a3 Nh5 15.g3 
f5 16.f4 exf4 17.gxf4 g6 18.Nd4 Ng7 19.Rb1 Re8 20.b4 axb4 21.axb4 Bh4 22.
Qf3 Qe7 23.Bd2 Bf6 24.Qf2 Bh4 25.Qf3 Bf6 26.Nb5 Qd7 27.Nc3 Qd8 28.Nb5 Nc7 
29.c5 Nxb5 30.Bxb5 Re7 31.Kh1 Nh5 32.Rbe1 Ra2 33.Rxe7 Bxe7 34.Qe3 Nf6 35.
Bc4 Ra8 36.c6 Rb8 37.b5 Kf8 38.Qd4 b6 39.Ra1 Qc7 40.Ra6 Kg8 41.Qa1 Qd8 42.
Ra7 Qe8 43.Qe1 Ne4 44.Bd3 Bf6 45.Bxe4 fxe4 46.Bc3 Qf8 47.Bxf6 Qxf6 48.Qxe4
Qc3 49.Ra2 Rf8 50.Kg2 Qb3 51.Rf2 Qd1 52.h3 Rf5 53.c7 1-0

[Event "39th World U20 ch"]
[Site "Yerevan ARM"]
[Date "2000.09.24"]
[Round "6.18"]
[White "Mahjoob, Morteza"]
[Black "Berg, Emanuel"]
[Result "1/2-1/2"]
[WhiteElo "2337"]
[BlackElo "2456"]
[EventDate "2000.09.18"]
[PlyCount "45"]

1.e4 e6 2.d4 d5 3.Nd2 Nf6 4.e5 Nfd7 5.Bd3 c5 6.c3 Nc6 7.Ne2 cxd4 8.cxd4 f6
9.Nf4 Nxd4 10.Qh5+ Ke7 11.Ng6+ hxg6 12.exf6+ Nxf6 13.Qxh8 Kf7 14.f4 Bd7 
15.O-O Bc5 16.Qxd8 Rxd8 17.Kh1 Ng4 18.b4 Bb6 19.Bb2 Ne3 20.Rfc1 Ng4 21.Rf1
Ne3 22.Rfc1 Ng4 23.Rf1 1/2-1/2

[Event "39th World U20 ch"]
[Site "Yerevan ARM"]
[Date "2000.09.24"]
[Round "6.19"]
[White "Gagunashvili, Merab"]
[Black "Bunzmann, Dimitrij"]
[Result "0-1"]
[WhiteElo "2321"]
[BlackElo "2484"]
[EventDate "2000.09.18"]
[PlyCount "58"]

1.d4 e6 2.c4 b6 3.e4 Bb7 4.Nc3 Bb4 5.Qc2 Qh4 6.Bd3 f5 7.g3 Qh5 8.f3 Nc6 9.
Be3 fxe4 10.Bxe4 Nf6 11.O-O-O Bxc3 12.Qxc3 Nxe4 13.fxe4 Nb4 14.Qxb4 Bxe4 
15.Nh3 Bxh1 16.Nf4 Qxh2 17.Nxe6 dxe6 18.Bg5 Kd7 19.Qe7+ Kc6 20.d5+ exd5 
21.cxd5+ Bxd5 22.Rxd5 Qg1+ 23.Kc2 Qf2+ 24.Kc3 Rae8 25.Qd7+ Kb7 26.Bf4 Qf3+
27.Kc2 Re2+ 28.Kc1 Qh1+ 29.Rd1 Qc6+ 0-1

[Event "39th World U20 ch"]
[Site "Yerevan ARM"]
[Date "2000.09.24"]
[Round "6.20"]
[White "Pridorozhny, Alexei"]
[Black "Goldenberg, Danny"]
[Result "1-0"]
[WhiteElo "2396"]
[BlackElo "2310"]
[EventDate "2000.09.18"]
[PlyCount "109"]

1.e4 c5 2.Nf3 Nc6 3.Bb5 g6 4.Bxc6 bxc6 5.O-O Bg7 6.c3 Nh6 7.d4 cxd4 8.cxd4
O-O 9.Nc3 d5 10.e5 f6 11.exf6 exf6 12.Bxh6 Bxh6 13.Na4 Bf5 14.Nc5 Re8 15.
Nh4 Bd7 16.Qf3 Rb8 17.b3 f5 18.Qc3 Qxh4 19.Nxd7 Rbc8 20.Rae1 Rxe1 21.Rxe1 
Bg7 22.Ne5 Rc7 23.g3 Qf6 24.f4 Bf8 25.b4 a5 26.a3 axb4 27.axb4 Qd6 28.Rb1 
Rb7 29.Qxc6 Qxc6 30.Nxc6 Rb5 31.Kf2 Kg7 32.Ke3 Kf6 33.Kd3 g5 34.fxg5+ Kxg5
35.Kc3 h5 36.Ne5 h4 37.gxh4+ Kh5 38.Nd3 Kxh4 39.Rf1 Kg5 40.Rg1+ Kf6 41.h4 
Rb7 42.Nc5 Rh7 43.b5 Bd6 44.Re1 Kf7 45.b6 Rxh4 46.b7 Rh8 47.Rb1 Ke7 48.Rb6
f4 49.Rxd6 Kxd6 50.Na6 Ke6 51.b8=Q Rxb8 52.Nxb8 Kf5 53.Kd3 f3 54.Nc6 Kf4 
55.Nb4 1-0

[Event "39th World U20 ch"]
[Site "Yerevan ARM"]
[Date "2000.09.24"]
[Round "6.21"]
[White "Kabanov, Nikolai"]
[Black "Arutinian, David"]
[Result "1/2-1/2"]
[WhiteElo "2385"]
[BlackElo "2309"]
[EventDate "2000.09.18"]
[PlyCount "112"]

1.e4 c5 2.Nf3 Nc6 3.Bb5 g6 4.Bxc6 dxc6 5.d3 Bg7 6.h3 b6 7.Nc3 Nh6 8.Be3 f6
9.O-O e5 10.a3 O-O 11.b4 cxb4 12.axb4 Nf7 13.Nd2 f5 14.f3 Be6 15.Qe2 Qe7 
16.Ra4 Rad8 17.Rfa1 Rd7 18.b5 c5 19.Nc4 Rb7 20.Bf2 f4 21.Nd5 Qd7 22.Be1 g5
23.Bc3 h5 24.R4a3 Re8 25.Kf2 Rd8 26.Qe1 Re8 27.R1a2 g4 28.hxg4 hxg4 29.Qa1
Qd8 30.Qh1 Qg5 31.Rxa7 Rxa7 32.Rxa7 gxf3 33.gxf3 Bxd5 34.exd5 e4 35.Rxf7 
Kxf7 36.Nd6+ Ke7 37.Nxe4 Qh6 38.Qxh6 Bxh6 39.Be5 Kd8 40.Bb8 Rh8 41.Be5 Rh7
42.Kg2 Ra7 43.Kh3 Bg7 44.Bxf4 Ra2 45.Nd6 Rxc2 46.Nc4 Rc3 47.Nxb6 Rxd3 48.
Kg4 c4 49.Nxc4 Rxd5 50.b6 Rb5 51.Bc7+ Kd7 52.f4 Bd4 53.Ne5+ Bxe5 54.fxe5 
Ke6 55.Kf4 Rb4+ 56.Ke3 Rxb6 1/2-1/2

[Event "39th World U20 ch"]
[Site "Yerevan ARM"]
[Date "2000.09.24"]
[Round "6.22"]
[White "Petrik, Tomas"]
[Black "Al-Sayed, Mohamad Naser"]
[Result "1-0"]
[WhiteElo "2289"]
[BlackElo "2370"]
[EventDate "2000.09.18"]
[PlyCount "43"]

1.e4 c5 2.Nf3 g6 3.d4 Bg7 4.Nc3 cxd4 5.Nxd4 Nc6 6.Be3 Nf6 7.Bc4 d6 8.f3 
Qb6 9.O-O O-O 10.Bb3 Ng4 11.fxg4 Bxd4 12.Bxd4 Qxd4+ 13.Qxd4 Nxd4 14.Nd5 
Nc6 15.g5 Bd7 16.Rad1 Rac8 17.e5 Bg4 18.exd6 Bxd1 19.dxe7 Rfe8 20.Nf6+ Kg7
21.Nxe8+ Rxe8 22.Rxf7+ 1-0

[Event "39th World U20 ch"]
[Site "Yerevan ARM"]
[Date "2000.09.24"]
[Round "6.24"]
[White "Asauskas, Henrikas"]
[Black "Wegener, Olaf"]
[Result "1/2-1/2"]
[WhiteElo "2245"]
[BlackElo "2336"]
[EventDate "2000.09.18"]
[PlyCount "116"]

1.e4 c5 2.Nf3 d6 3.d4 cxd4 4.Nxd4 Nf6 5.Nc3 a6 6.Bc4 e6 7.O-O b5 8.Bb3 Be7
9.Qf3 Qb6 10.Be3 Qb7 11.Qg3 O-O 12.Bh6 Ne8 13.Rad1 Bd7 14.Rfe1 Kh8 15.Bg5 
Bxg5 16.Qxg5 Nf6 17.f4 h6 18.Qh4 Nc6 19.e5 dxe5 20.fxe5 Nh7 21.Nf3 Rfd8 
22.Ne4 Be8 23.Rxd8 Rxd8 24.c3 Ne7 25.Bc2 Qb6+ 26.Kh1 Nf5 27.Qf4 Nf8 28.Qc1
Ng6 29.Ng3 Nfe7 30.h4 Bc6 31.Ne4 Qc7 32.Nd6 Kg8 33.h5 Nxe5 34.Nxb5 Qb7 35.
Nxe5 Bxg2+ 36.Kh2 axb5 37.Rg1 Qc7 38.Qf4 f6 39.Rxg2 Qxe5 40.Qxe5 fxe5 41.
Bb3 Nd5 42.Re2 Kf7 43.Rxe5 Kf6 44.Re4 e5 45.Kg3 Nf4 46.Rb4 Rd2 47.Rxb5 
Rxb2 48.a4 Nxh5+ 49.Kg4 g6 50.a5 e4 51.Rb6+ Ke7 52.Re6+ Kd7 53.Rxg6 Rxb3 
54.Kxh5 Rxc3 55.Kg4 h5+ 56.Kf4 e3 57.Kf3 h4 58.a6 Kc7 1/2-1/2

[Event "39th World U20 ch"]
[Site "Yerevan ARM"]
[Date "2000.09.24"]
[Round "6.25"]
[White "Kose, Serkan"]
[Black "Skytte, Rasmus"]
[Result "0-1"]
[WhiteElo "2200"]
[BlackElo "2323"]
[EventDate "2000.09.18"]
[PlyCount "102"]

1.e4 c5 2.Nf3 Nc6 3.c3 d5 4.exd5 Qxd5 5.Be2 e5 6.d3 Be7 7.O-O Nf6 8.Be3 
O-O 9.Qc2 Bf5 10.Nh4 Be6 11.Nd2 Ng4 12.Nhf3 h6 13.h3 Nxe3 14.fxe3 Rad8 15.
Nc4 e4 16.dxe4 Qd7 17.a4 Qc7 18.Qc1 a6 19.Kh1 Bf6 20.Qe1 b5 21.axb5 axb5 
22.Na3 b4 23.Nc4 bxc3 24.bxc3 Ra8 25.Rxa8 Rxa8 26.e5 Be7 27.Qg3 Ra2 28.Bd3
Qd8 29.Nd6 Nxe5 30.Qxe5 Qxd6 31.Qe4 g6 32.Ne1 Qg3 33.Qf4 Bd6 34.Qxg3 Bxg3 
35.Nc2 f5 36.Rc1 Bd5 37.Bf1 Kg7 38.Na1 Rb2 39.Rd1 Be4 40.h4 h5 41.Rd7+ Kf6
42.Rd1 g5 43.hxg5+ Kxg5 44.Kg1 h4 45.c4 Kf6 46.Nb3 Rxb3 47.Ra1 Rb2 48.Ra6+
Ke5 49.Ra7 h3 50.Rg7 h2+ 51.Kh1 Bxg2+ 0-1